Propuesta de regularización ambiental del sector del parque central de la Ciudad de León
El trabajo aborda un tema de gran interés y actualidad, propuesta de regulación ambiental del sector del parque central de la ciudad de León. La investigación trata acerca de un instrumental para el estudio de los componentes del medio construido y su influencia en la calidad de vida en un área...
| Main Author: | |
|---|---|
| Other Authors: | |
| Format: | Tesis Section = Libro |
| Language: | Undetermined Spanish |
| Published: |
Managua
UNI
2008
|
| Subjects: |
| LEADER | 01234nam a2200277Ia 4500 | ||
|---|---|---|---|
| 008 | 240830s9999 xx 000 0 und d | ||
| 040 | |a BIBLIOTECA-RUSB/ T.Mon 363.7 V145 | ||
| 041 | |a spa | ||
| 082 | |a T.Mon 363.7 V145 | ||
| 100 | 1 | |a Valdez Arosteguí, María Alejandra | |
| 245 | 1 | 0 | |a Propuesta de regularización ambiental del sector del parque central de la Ciudad de León |
| 260 | |a Managua |b UNI |c 2008 | ||
| 300 | |a 86 p. :il. | ||
| 500 | |a Contiene: anexos. | ||
| 502 | |a Tesis (Especialista en Medio Ambiente y Desarrollo Urbano) - UNI, 2008. | ||
| 520 | 3 | |a El trabajo aborda un tema de gran interés y actualidad, propuesta de regulación ambiental del sector del parque central de la ciudad de León. La investigación trata acerca de un instrumental para el estudio de los componentes del medio construido y su influencia en la calidad de vida en un área de la ciudad de León, Nicaragua. | |
| 650 | 7 | |a MED IOAMBIENTE | |
| 650 | 7 | |b CALIDAD AMBIENTAL | |
| 650 | 7 | |c MEDIO BIOTICO | |
| 650 | 7 | |d MEDIO CONSTRUIDO | |
| 650 | 7 | |e CALIDAD DE VIDA-ASPECTOS AMBIENTALES | |
| 650 | 7 | |f PARQUE CENTRAL-LEON | |
| 700 | 1 | |a Tutor: |b Gómez Ortega, Graciela Dionides | |
| 942 | |c BK |2 ddc | ||
| 991 | |a TESIS | ||
| 999 | |c 21766 | ||